[Event "2. Torneio Aberto do Brasil - Fortaleza"]
[Site "Fortaleza BRA"]
[Date "2012.04.08"]
[Round "6.7"]
[White "Limp, Eduardo Thelio"]
[Black "Fernandes Filho, Bergson Fragos"]
[Result "1-0"]
[WhiteElo "2382"]
[BlackElo "2147"]
[PlyCount "89"]
[EventDate "2012.04.05"]
[EventType "swiss"]
[EventRounds "7"]
[EventCountry "BRA"]
[Source "lmi"]
[SourceDate "2012.08.05"]

1. e4 d6 2. d4 Nf6 3. Nd2 g6 4. Ngf3 Bg7 5. c3 O-O 6. Qc2 Nc6 7. Be2 e5 8. dxe5
Nxe5 9. Nxe5 dxe5 10. O-O Qe7 11. Nc4 b5 12. Na5 Bd7 13. Be3 Ne8 14. Rfd1 Nd6
15. Bc5 Rfb8 16. b4 Bf8 17. a4 bxa4 18. Bc4 Rb6 19. Bd5 Rab8 20. Nc4 Qe8 21.
Nxb6 axb6 22. Be3 b5 23. Bc5 Be6 24. Bxd6 cxd6 25. Qe2 Rc8 26. Ra3 Rc4 27. Rxa4
Bxd5 28. Rxd5 Rxc3 29. Ra5 Rc4 30. g3 Rxb4 31. Raxb5 Rd4 32. Rxd4 exd4 33. Rd5
Bg7 34. Rxd6 Qb8 35. Rd5 h5 36. h4 Qb7 37. Qd3 Kh7 38. Rg5 Qc6 39. Ra5 Qc1+ 40.
Kg2 Qe1 41. Ra7 Kg8 42. Qf3 f6 43. Qb3+ Kh7 44. Qf7 Qxe4+ 45. Kh2 1-0

[Event "2. Torneio Aberto do Brasil - Fortaleza"]
[Site "Fortaleza BRA"]
[Date "2012.04.08"]
[Round "6.8"]
[White "Umetsubo, Cesar Hidemitsu"]
[Black "Perdomo, Leandro"]
[Result "1/2-1/2"]
[WhiteElo "2235"]
[BlackElo "2372"]
[PlyCount "33"]
[EventDate "2012.04.05"]
[EventType "swiss"]
[EventRounds "7"]
[EventCountry "BRA"]
[Source "lmi"]
[SourceDate "2012.08.05"]

1. d4 Nf6 2. Nf3 g6 3. Bf4 Bg7 4. e3 d6 5. h3 c5 6. c3 Qb6 7. Qb3 Be6 8. Qxb6
axb6 9. a3 Nc6 10. Nbd2 O-O 11. Be2 Na5 12. O-O Rfc8 13. Ng5 Nb3 14. Rad1 Nxd2
15. Rxd2 Bb3 16. Bd3 Rd8 17. Nf3 1/2-1/2

[Event "2. Torneio Aberto do Brasil - Fortaleza"]
[Site "Fortaleza BRA"]
[Date "2012.04.08"]
[Round "6.9"]
[White "Pinto, Carlos Henrique Lop"]
[Black "Barreto filho, Carlos Alberto"]
[Result "0-1"]
[WhiteElo "2124"]
[BlackElo "2324"]
[PlyCount "70"]
[EventDate "2012.04.05"]
[EventType "swiss"]
[EventRounds "7"]
[EventCountry "BRA"]
[Source "lmi"]
[SourceDate "2012.08.05"]

1. d4 Nf6 2. c4 e6 3. Nf3 d5 4. Nc3 Bb4 5. cxd5 exd5 6. Bg5 O-O 7. Qc2 Nbd7 8.
a3 Bxc3+ 9. Qxc3 c6 10. e3 Qb6 11. Bd3 Ne4 12. Bxe4 dxe4 13. Nd2 c5 14. O-O
cxd4 15. exd4 Qg6 16. Qe3 Nb6 17. Bh4 f5 18. f3 f4 19. Qxe4 Bf5 20. Qxb7 Rf7
21. Qa6 Bd3 22. Qa5 Bxf1 23. Rxf1 Rc8 24. Ne4 Nc4 25. Qc3 Nd6 26. Nc5 Re8 27.
Qd2 Nc4 28. Qc1 Ne3 29. Rf2 Qh5 30. g4 fxg3 31. Bxg3 Rxf3 32. Qd2 Rxf2 33. Qxf2
Qd1+ 34. Qe1 Qxd4 35. Qc3 Qd8 0-1

[Event "2. Torneio Aberto do Brasil - Fortaleza"]
[Site "Fortaleza BRA"]
[Date "2012.04.08"]
[Round "6.10"]
[White "Cardoso, Almir Correia"]
[Black "Santiago, Yago De Moura"]
[Result "1-0"]
[WhiteElo "2045"]
[BlackElo "2360"]
[PlyCount "39"]
[EventDate "2012.04.05"]
[EventType "swiss"]
[EventRounds "7"]
[EventCountry "BRA"]
[Source "lmi"]
[SourceDate "2012.08.05"]

1. e4 c5 2. Nf3 d6 3. d4 cxd4 4. Nxd4 Nf6 5. Nc3 a6 6. Bg5 e6 7. f4 b5 8. Qf3
Bb7 9. Bd3 Nbd7 10. O-O-O Qb6 11. Nb3 Rc8 12. Rhe1 Rxc3 13. bxc3 Be7 14. Qh3 h6
15. e5 dxe5 16. fxe5 Ba3+ 17. Kb1 Nd5 18. Be4 Nc5 19. Bxd5 Bxd5 20. Rxd5 1-0

[Event "2. Torneio Aberto do Brasil - Fortaleza"]
[Site "Fortaleza BRA"]
[Date "2012.04.08"]
[Round "6.11"]
[White "Pinheiro, Iung Alicio De O"]
[Black "Borges, Wagner Da Silva"]
[Result "0-1"]
[WhiteElo "2321"]
[BlackElo "2185"]
[PlyCount "96"]
[EventDate "2012.04.05"]
[EventType "swiss"]
[EventRounds "7"]
[EventCountry "BRA"]
[Source "lmi"]
[SourceDate "2012.08.05"]

1. Nf3 Nf6 2. c4 g6 3. g3 Bg7 4. Bg2 O-O 5. O-O d5 6. Qa4 Bd7 7. Qb3 Bc8 8. d3
Nc6 9. Bg5 dxc4 10. Qxc4 h6 11. Bd2 Be6 12. Qc1 Kh7 13. Bc3 Qd7 14. Re1 Bh3 15.
Bh1 Rfe8 16. Nbd2 e5 17. Qc2 Rad8 18. Rad1 Qe6 19. Nb3 Bf8 20. a3 Nd5 21. e3 b6
22. Bd2 Bg7 23. e4 Nde7 24. Bg5 Bg4 25. Be3 Rd7 26. Nc1 Red8 27. Ne2 Rd6 28.
Bg2 Qd7 29. Nc1 Rf6 30. Qe2 Kg8 31. b4 a6 32. Nb3 Qe6 33. Nc1 Nc8 34. h3 Bxh3
35. Bxh3 Qxh3 36. d4 Qg4 37. Nxe5 Qxe4 38. Ng4 Re6 39. Nxh6+ Kf8 40. d5 Rxd5
41. Rxd5 Qxd5 42. Qxa6 Nd6 43. Ne2 Rxe3 44. fxe3 Bxh6 45. Nf4 Bxf4 46. gxf4 Ne7
47. Qe2 Ne4 48. Rd1 Nc3 0-1

[Event "2. Torneio Aberto do Brasil - Fortaleza"]
[Site "Fortaleza BRA"]
[Date "2012.04.08"]
[Round "6.12"]
[White "Bouwman, Marcelo Wanderley"]
[Black "De Andrade, Roberto Luis Costa"]
[Result "1-0"]
[WhiteElo "2222"]
[BlackElo "2186"]
[PlyCount "51"]
[EventDate "2012.04.05"]
[EventType "swiss"]
[EventRounds "7"]
[EventCountry "BRA"]
[Source "lmi"]
[SourceDate "2012.08.05"]

1. e4 c5 2. Nf3 Nc6 3. Nc3 Nf6 4. Bb5 g6 5. h3 Nd4 6. e5 Nxb5 7. Nxb5 Nd5 8.
O-O Nc7 9. Nxc7+ Qxc7 10. d4 cxd4 11. Qxd4 Bg7 12. Bg5 h6 13. Bh4 g5 14. Bg3
O-O 15. h4 gxh4 16. Qxh4 Qxc2 17. Qxe7 b6 18. Rad1 Qc5 19. Qh4 Re8 20. Rfe1 Qe7
21. Qf4 Bb7 22. Bh4 Qe6 23. Rd6 Qxa2 24. Rxh6 f5 25. Bf6 Bxf3 26. Bxg7 1-0

[Event "2. Torneio Aberto do Brasil - Fortaleza"]
[Site "Fortaleza BRA"]
[Date "2012.04.08"]
[Round "6.13"]
[White "Ribeiro, Matheus Cavalcante"]
[Black "Asfora, Marco Antonio Hazin"]
[Result "1/2-1/2"]
[WhiteElo "2121"]
[BlackElo "2221"]
[PlyCount "59"]
[EventDate "2012.04.05"]
[EventType "swiss"]
[EventRounds "7"]
[EventCountry "BRA"]
[Source "lmi"]
[SourceDate "2012.08.05"]

1. e4 e5 2. Nf3 Qe7 3. Nc3 c6 4. d4 d6 5. Bc4 g6 6. dxe5 dxe5 7. Be3 Bg7 8. Qd2
Nf6 9. O-O-O O-O 10. Qd6 Qxd6 11. Rxd6 b5 12. Bb3 b4 13. Na4 Nxe4 14. Rdd1 Nd7
15. Nd2 Nxd2 16. Rxd2 Nf6 17. Rd6 Bf5 18. f3 Rfc8 19. g4 Ne8 20. Rdd1 Be6 21.
Bxe6 fxe6 22. Nc5 Nc7 23. Rd7 Nd5 24. Nxe6 Bh8 25. Bc5 Re8 26. Ng5 Bg7 27. Ne4
Red8 28. Rb7 Rdb8 29. Rxb8+ Rxb8 30. Rd1 1/2-1/2

[Event "2. Torneio Aberto do Brasil - Fortaleza"]
[Site "Fortaleza BRA"]
[Date "2012.04.08"]
[Round "6.14"]
[White "Carvalho, Miguel Angelo Alvar"]
[Black "Costa, Carlos Evanir"]
[Result "1/2-1/2"]
[WhiteElo "2065"]
[BlackElo "2217"]
[PlyCount "28"]
[EventDate "2012.04.05"]
[EventType "swiss"]
[EventRounds "7"]
[EventCountry "BRA"]
[Source "lmi"]
[SourceDate "2012.08.05"]

1. e4 c5 2. Nf3 d6 3. d4 cxd4 4. Nxd4 Nf6 5. Nc3 a6 6. h3 e6 7. g4 d5 8. exd5
Nxd5 9. Bd2 Bb4 10. Bg2 Nb6 11. Nce2 Bxd2+ 12. Qxd2 e5 13. Nb3 Qxd2+ 14. Nxd2
Nc6 1/2-1/2

[Event "2. Torneio Aberto do Brasil - Fortaleza"]
[Site "Fortaleza BRA"]
[Date "2012.04.08"]
[Round "6.15"]
[White "Rothebarth, Ana Vitoria De Pau"]
[Black "Guimaraes, Marcelo Cunha"]
[Result "1/2-1/2"]
[WhiteElo "2030"]
[BlackElo "2216"]
[PlyCount "99"]
[EventDate "2012.04.05"]
[EventType "swiss"]
[EventRounds "7"]
[EventCountry "BRA"]
[Source "lmi"]
[SourceDate "2012.08.05"]

1. e4 c5 2. Nc3 Nc6 3. f4 g6 4. Nf3 Bg7 5. Bb5 Nd4 6. O-O Nxb5 7. Nxb5 Nf6 8.
d3 a6 9. Nc3 d5 10. Qe1 O-O 11. Qh4 e6 12. e5 Nd7 13. Qh3 b5 14. Ng5 h6 15. Nf3
b4 16. Nd1 Re8 17. Nf2 Nf8 18. Ng4 h5 19. Nf2 Qe7 20. g4 hxg4 21. Nxg4 Nh7 22.
Ng5 Nf8 23. Nh6+ Bxh6 24. Qxh6 f6 25. exf6 Qxf6 26. Be3 d4 27. Ne4 Qf5 28. Bf2
Re7 29. Qg5 Qxg5+ 30. fxg5 Nd7 31. Bg3 Bb7 32. Bd6 Rh7 33. Nf6+ Nxf6 34. Rxf6
Rh5 35. Rxg6+ Kh7 36. Rxe6 Rxg5+ 37. Bg3 Rg6 38. Re7+ Rg7 39. Rae1 Rf8 40.
Rxg7+ Kxg7 41. Re7+ Rf7 42. Rxf7+ Kxf7 43. Bd6 c4 44. Kf2 b3 45. axb3 cxb3 46.
cxb3 Ke6 47. Bc7 Kd5 48. h4 Bc8 49. h5 Bf5 50. Ke2 1/2-1/2

[Event "2. Torneio Aberto do Brasil - Fortaleza"]
[Site "Fortaleza BRA"]
[Date "2012.04.08"]
[Round "6.16"]
[White "Carvalho, Jose Jorge De"]
[Black "De Souza, Arthur Olintho"]
[Result "0-1"]
[WhiteElo "2190"]
[BlackElo "2076"]
[PlyCount "44"]
[EventDate "2012.04.05"]
[EventType "swiss"]
[EventRounds "7"]
[EventCountry "BRA"]
[Source "lmi"]
[SourceDate "2012.08.05"]

1. d4 Nf6 2. c4 c5 3. d5 b5 4. Qc2 bxc4 5. e4 d6 6. Bxc4 g6 7. b3 Nxe4 8. Bb2
Qa5+ 9. Kf1 Nf6 10. Bxf6 exf6 11. Qe2+ Kd8 12. Nd2 Nd7 13. Re1 Kc7 14. f4 Bb7
15. Ngf3 Bh6 16. g3 Rhe8 17. Qf2 Rxe1+ 18. Qxe1 Qxa2 19. Qe6 g5 20. b4 Qa3 21.
Kf2 gxf4 22. Bb5 Qe3+ 0-1

[Event "2. Torneio Aberto do Brasil - Fortaleza"]
[Site "Fortaleza BRA"]
[Date "2012.04.08"]
[Round "6.17"]
[White "Fiaes, Mario Henrique Andr"]
[Black "Martins, Vinicius Tine"]
[Result "0-1"]
[WhiteElo "2069"]
[BlackElo "2329"]
[PlyCount "88"]
[EventDate "2012.04.05"]
[EventType "swiss"]
[EventRounds "7"]
[EventCountry "BRA"]
[Source "lmi"]
[SourceDate "2012.08.05"]

1. e4 c5 2. Nf3 Nc6 3. d4 cxd4 4. Nxd4 g6 5. Nc3 Bg7 6. Be3 Nf6 7. Bc4 Qa5 8.
O-O d6 9. Bb3 Ng4 10. Nxc6 bxc6 11. Bd2 Qe5 12. g3 Qh5 13. h4 Ba6 14. Re1 Bd4
15. Be3 Bxe3 16. fxe3 O-O 17. Kg2 Bc8 18. Qf3 Qc5 19. Na4 Qb4 20. a3 Qa5 21.
Nc3 Kg7 22. Qe2 Ne5 23. Qd2 Ba6 24. Rh1 h5 25. Rad1 Qb6 26. Rb1 Rab8 27. Qd4
Qc7 28. Rhe1 Rbd8 29. Qa4 Bc8 30. Qd4 Qd7 31. Rh1 Ba6 32. Qd1 Kh7 33. Ne2 Qc7
34. Nf4 Ng4 35. Re1 Qa5 36. c3 Qb6 37. Kf3 Kh6 38. Bc2 e5 39. Nh3 d5 40. exd5
Rxd5 41. Qc1 Rfd8 42. e4+ Rd2 43. Re2 Bxe2+ 44. Kg2 Bd1+ 0-1

[Event "2. Torneio Aberto do Brasil - Fortaleza"]
[Site "Fortaleza BRA"]
[Date "2012.04.08"]
[Round "6.18"]
[White "Azevedo Junior, Jose Ferreira"]
[Black "Cavalcanti, Francisco De Assis"]
[Result "0-1"]
[WhiteElo "2059"]
[BlackElo "2292"]
[PlyCount "68"]
[EventDate "2012.04.05"]
[EventType "swiss"]
[EventRounds "7"]
[EventCountry "BRA"]
[Source "lmi"]
[SourceDate "2012.08.05"]

1. d4 Nf6 2. c4 g6 3. Nc3 d5 4. e3 Bg7 5. Nf3 O-O 6. Be2 dxc4 7. Bxc4 c5 8. O-O
cxd4 9. Nxd4 a6 10. h3 Nbd7 11. a4 Qc7 12. Qe2 Ne5 13. Ba2 Bd7 14. Bd2 Rac8 15.
Nd5 Nxd5 16. Bxd5 e6 17. Rfc1 Qb8 18. Bb3 Rxc1+ 19. Rxc1 Rc8 20. Rxc8+ Qxc8 21.
Bc3 Qc5 22. Qe1 Nc6 23. Qd2 Qd6 24. Bd1 Nxd4 25. exd4 Bc6 26. Qe3 e5 27. d5
Qxd5 28. Bf3 e4 29. Bxg7 Kxg7 30. Be2 Qe5 31. Qb6 Qd6 32. b4 Qd2 33. Bxa6 e3
34. f3 bxa6 0-1

[Event "2. Torneio Aberto do Brasil - Fortaleza"]
[Site "Fortaleza BRA"]
[Date "2012.04.08"]
[Round "6.19"]
[White "De Araujo, Felipe Fernandes Vi"]
[Black "Costa, Fernando De Souza"]
[Result "1-0"]
[WhiteElo "2269"]
[BlackElo "2045"]
[PlyCount "69"]
[EventDate "2012.04.05"]
[EventType "swiss"]
[EventRounds "7"]
[EventCountry "BRA"]
[Source "lmi"]
[SourceDate "2012.08.05"]

1. d4 d5 2. c4 c6 3. Nf3 a6 4. e3 Bf5 5. Nc3 e6 6. Ne5 Nd7 7. f4 Ngf6 8. Be2
Ne4 9. Nxe4 Bxe4 10. O-O Nf6 11. Bd2 Be7 12. Qb3 O-O 13. cxd5 Bxd5 14. Qxb7 Rb8
15. Qxa6 Rb6 16. Ba5 Rxa6 17. Bxd8 Ra7 18. Bxe7 Rxe7 19. Bf3 Rb7 20. b3 Ra8 21.
Nxc6 Rc8 22. Rfc1 Kf8 23. Ne5 Rbc7 24. Nd3 Bxf3 25. gxf3 Nd5 26. Kf2 Rc2+ 27.
Kg1 Nxe3 28. Rxc2 Rxc2 29. a4 Rc3 30. Nc5 Nd5 31. a5 Nxf4 32. a6 Ne2+ 33. Kf2
Nxd4 34. a7 Rc2+ 35. Kf1 1-0

[Event "2. Torneio Aberto do Brasil - Fortaleza"]
[Site "Fortaleza BRA"]
[Date "2012.04.08"]
[Round "6.20"]
[White "Lima Neto, Pedro"]
[Black "Mascarenhas, Alberto Pinheiro"]
[Result "0-1"]
[WhiteElo "2058"]
[BlackElo "2268"]
[PlyCount "42"]
[EventDate "2012.04.05"]
[EventType "swiss"]
[EventRounds "7"]
[EventCountry "BRA"]
[Source "lmi"]
[SourceDate "2012.08.05"]

1. d4 f5 2. Nf3 Nf6 3. g3 g6 4. Bg2 Bg7 5. O-O O-O 6. b3 d6 7. Bb2 c6 8. Nbd2
Qe8 9. c4 Nbd7 10. Qc2 e5 11. dxe5 dxe5 12. e4 f4 13. Ba3 c5 14. Rad1 h6 15. h3
g5 16. g4 h5 17. Nh2 hxg4 18. hxg4 b6 19. Bb2 Nb8 20. Ndf3 Nxg4 21. Nxg5 Nxh2
0-1

[Event "2. Torneio Aberto do Brasil - Fortaleza"]
[Site "Fortaleza BRA"]
[Date "2012.04.08"]
[Round "6.21"]
[White "Mendonca, Mateus Nakajo"]
[Black "De Paula, Guilherme Bueno"]
[Result "1-0"]
[WhiteElo "2216"]
[BlackElo "2032"]
[PlyCount "39"]
[EventDate "2012.04.05"]
[EventType "swiss"]
[EventRounds "7"]
[EventCountry "BRA"]
[Source "lmi"]
[SourceDate "2012.08.05"]

1. Nf3 g6 2. g3 f5 3. Bg2 Bg7 4. d4 Nf6 5. c4 O-O 6. O-O d6 7. Nc3 Qe8 8. Nd5
Nxd5 9. cxd5 Qb5 10. Ng5 c6 11. Ne6 Bxe6 12. dxe6 d5 13. Bg5 Re8 14. g4 fxg4
15. e3 Na6 16. Qxg4 Qb6 17. f4 Qd8 18. f5 Rf8 19. fxg6 h6 20. Rf7 1-0

[Event "2. Torneio Aberto do Brasil - Fortaleza"]
[Site "Fortaleza BRA"]
[Date "2012.04.08"]
[Round "6.22"]
[White "Pluschkat, Gustavo Ranulpho"]
[Black "Santiago, Bruno M F"]
[Result "0-1"]
[WhiteElo "2003"]
[BlackElo "2167"]
[PlyCount "70"]
[EventDate "2012.04.05"]
[EventType "swiss"]
[EventRounds "7"]
[EventCountry "BRA"]
[Source "lmi"]
[SourceDate "2012.08.05"]

1. Nf3 Nf6 2. d4 g6 3. Nc3 Bg7 4. e4 O-O 5. e5 Ne8 6. Bg5 d6 7. Nd5 f6 8. Bh4
c6 9. Nc3 Bg4 10. Qd3 Bxf3 11. gxf3 fxe5 12. dxe5 Bxe5 13. O-O-O Ng7 14. Ne4 d5
15. Rg1 Qa5 16. Qb3 Qc7 17. Bh3 Kh8 18. Ng5 Na6 19. c3 Bf4+ 20. Kb1 Bxg5 21.
Bxg5 Rxf3 22. Bg2 Rxf2 23. Be3 Rf5 24. Bh3 Rf7 25. c4 e6 26. Rde1 Nf5 27. Qc3+
e5 28. Bf2 d4 29. Qd2 Nc5 30. Rg5 Raf8 31. Rxe5 Qxe5 32. Bxf5 Rxf5 33. Bxd4
Rxg5 34. Bxe5+ Rxe5 35. Qd4 Rfe8 0-1

[Event "2. Torneio Aberto do Brasil - Fortaleza"]
[Site "Fortaleza BRA"]
[Date "2012.04.08"]
[Round "6.23"]
[White "Lu, Jose Silvio Bezerra"]
[Black "Buarque, Hugo Leonardo De Br"]
[Result "1/2-1/2"]
[WhiteElo "2145"]
[BlackElo "1928"]
[PlyCount "90"]
[EventDate "2012.04.05"]
[EventType "swiss"]
[EventRounds "7"]
[EventCountry "BRA"]
[Source "lmi"]
[SourceDate "2012.08.05"]

1. Nf3 c5 2. g3 d5 3. c4 e6 4. Bg2 Nc6 5. O-O Nf6 6. cxd5 exd5 7. d4 cxd4 8.
Nxd4 Be7 9. Nc3 O-O 10. h3 Bb4 11. Bg5 Bxc3 12. bxc3 Nxd4 13. Qxd4 Be6 14. Rfd1
Qe7 15. Rab1 Rfd8 16. Qe3 Qc7 17. Rb4 Rd7 18. Bxf6 gxf6 19. Qh6 Qxc3 20. Rdd4
f5 21. Qf6 Rc8 22. Kh2 Rdc7 23. Rb3 Qc5 24. g4 Qe7 25. Qxe7 Rxe7 26. gxf5 Bxf5
27. Rxd5 Be6 28. Rg5+ Kf8 29. Rxb7 Rxb7 30. Bxb7 Rc2 31. a4 Rxe2 32. Kg3 Rb2
33. Bd5 Rb6 34. Bxe6 Rxe6 35. Ra5 a6 36. Kf4 Kg7 37. f3 Kf6 38. Rh5 Kg6 39. Rc5
h6 40. a5 Kf6 41. Rc7 Re1 42. Rb7 Re6 43. h4 Rc6 44. Rb6 Re6 45. Kg4 Ke5
1/2-1/2

[Event "2. Torneio Aberto do Brasil - Fortaleza"]
[Site "Fortaleza BRA"]
[Date "2012.04.08"]
[Round "6.24"]
[White "Araujo Frota, Rewbenio"]
[Black "Luz, Edmundo Reis"]
[Result "0-1"]
[WhiteElo "1975"]
[BlackElo "2134"]
[PlyCount "82"]
[EventDate "2012.04.05"]
[EventType "swiss"]
[EventRounds "7"]
[EventCountry "BRA"]
[Source "lmi"]
[SourceDate "2012.08.05"]

1. d4 Nf6 2. Nf3 g6 3. g3 Bg7 4. Bg2 O-O 5. O-O d5 6. c4 c6 7. cxd5 cxd5 8. Nc3
Nc6 9. h3 Ne4 10. e3 Nxc3 11. bxc3 Na5 12. Ne5 f6 13. Nd3 Nc4 14. e4 dxe4 15.
Bxe4 Kh8 16. Re1 e5 17. Nc5 Rb8 18. Bg2 b6 19. Qb3 Na5 20. Qb4 Qc7 21. Nb3 Nc4
22. Nd2 Nxd2 23. Bxd2 Ba6 24. d5 Rfd8 25. Rac1 Bc4 26. Be3 Bf8 27. Qa4 Bxd5 28.
Bxd5 Rxd5 29. Qh4 Qd8 30. c4 Rd3 31. Kh2 Bb4 32. Red1 Be7 33. Rxd3 Qxd3 34. c5
bxc5 35. Bxc5 Qf3 36. Bxe7 Qxf2+ 37. Kh1 Qf3+ 38. Kg1 Qe3+ 39. Kf1 Qxc1+ 40.
Kf2 Qd2+ 41. Kf3 Qd3+ 0-1

[Event "2. Torneio Aberto do Brasil - Fortaleza"]
[Site "Fortaleza BRA"]
[Date "2012.04.08"]
[Round "6.25"]
[White "Arruda Filho, Ivo Pereira De"]
[Black "Maia, Jose Eduardo Bastos"]
[Result "0-1"]
[WhiteElo "1923"]
[BlackElo "2124"]
[PlyCount "86"]
[EventDate "2012.04.05"]
[EventType "swiss"]
[EventRounds "7"]
[EventCountry "BRA"]
[Source "lmi"]
[SourceDate "2012.08.05"]

1. Nf3 d5 2. d4 e6 3. Bf4 Nf6 4. e3 Be7 5. Bd3 O-O 6. O-O c5 7. c3 Nc6 8. Nbd2
a6 9. Ne5 Nxe5 10. Bxe5 Bd7 11. Nf3 c4 12. Bc2 b5 13. Bg3 Ne4 14. Nd2 Nxg3 15.
hxg3 f5 16. Nf3 Qc7 17. Kh2 Bd6 18. Rh1 h6 19. Kg1 Be8 20. a3 Rb8 21. Nd2 Bg6
22. f4 Qf7 23. g4 fxg4 24. Bxg6 Qxg6 25. Rh4 h5 26. g3 a5 27. Qe1 b4 28. axb4
axb4 29. e4 bxc3 30. bxc3 Rb2 31. Rh2 Rfb8 32. Re2 Bf8 33. Ra6 Qf7 34. exd5
exd5 35. Ra1 h4 36. Kg2 hxg3 37. Kxg3 Bd6 38. Re5 Bxe5 39. dxe5 Qh5 40. Rd1
Qh3+ 41. Kf2 Rf8 42. Qe3 Qh2+ 43. Kf1 Rxf4+ 0-1

[Event "2. Torneio Aberto do Brasil - Fortaleza"]
[Site "Fortaleza BRA"]
[Date "2012.04.08"]
[Round "6.26"]
[White "Pastana, Rafael Pedroni"]
[Black "Okamura, Milton Kasuo"]
[Result "1/2-1/2"]
[WhiteElo "1677"]
[BlackElo "2118"]
[PlyCount "80"]
[EventDate "2012.04.05"]
[EventType "swiss"]
[EventRounds "7"]
[EventCountry "BRA"]
[Source "lmi"]
[SourceDate "2012.08.05"]

1. e4 c5 2. Nf3 e6 3. d4 cxd4 4. Nxd4 Nc6 5. Nb5 d6 6. c4 Nf6 7. N1c3 a6 8. Na3
Be7 9. Be2 O-O 10. O-O Qc7 11. Be3 b6 12. Nc2 Ne5 13. Qd4 Bb7 14. Rad1 Rac8 15.
f3 Rfe8 16. Bf2 Nfd7 17. Ne3 Qb8 18. Bg3 Bc6 19. a3 Red8 20. Rc1 Bf6 21. Qd1 b5
22. cxb5 axb5 23. Nc2 Nc5 24. Nb4 Be8 25. Bf2 Nc6 26. Nd3 Nd4 27. Bxd4 Bxd4+
28. Kh1 Be3 29. Ra1 Nd7 30. Nb4 Ne5 31. Qb3 Ba7 32. Rfd1 Qb6 33. Nc2 Nc4 34.
Bxc4 Rxc4 35. Rd2 Qc5 36. Rad1 Bb8 37. Rd4 Rc8 38. Rxc4 Qxc4 39. Qxc4 Rxc4 40.
Nb4 Kf8 1/2-1/2

[Event "2. Torneio Aberto do Brasil - Fortaleza"]
[Site "Fortaleza BRA"]
[Date "2012.04.08"]
[Round "6.29"]
[White "De Albuquerque Junior, Wellington Sampaio"]
[Black "Macedo, Maximo Valerio"]
[Result "1/2-1/2"]
[WhiteElo "2098"]
[BlackElo "2070"]
[PlyCount "46"]
[EventDate "2012.04.05"]
[EventType "swiss"]
[EventRounds "7"]
[EventCountry "BRA"]
[Source "lmi"]
[SourceDate "2012.08.05"]

1. Nf3 Nf6 2. d4 d5 3. c4 c6 4. Nc3 e6 5. cxd5 exd5 6. Bg5 Be7 7. e3 Nbd7 8.
Bd3 h6 9. Bh4 Ne4 10. Bxe7 Qxe7 11. Qc2 f5 12. O-O O-O 13. Rae1 Qf6 14. Nd2 Nd6
15. f4 Ne4 16. Nf3 Qe7 17. a3 Qe8 18. b4 b5 19. Ne5 Nb6 20. Na2 Nc4 21. a4 a6
22. a5 Bd7 23. Nc1 Qe6 1/2-1/2

[Event "2. Torneio Aberto do Brasil - Fortaleza"]
[Site "Fortaleza BRA"]
[Date "2012.04.08"]
[Round "6.30"]
[White "Rodi, Luis Ernesto"]
[Black "Ribeiro Junior, Valdir Uchoa"]
[Result "1-0"]
[WhiteElo "2391"]
[BlackElo "1931"]
[PlyCount "59"]
[EventDate "2012.04.05"]
[EventType "swiss"]
[EventRounds "7"]
[EventCountry "BRA"]
[Source "lmi"]
[SourceDate "2012.08.05"]

1. e4 e5 2. f4 exf4 3. Nf3 d5 4. exd5 Nf6 5. Bc4 Bd6 6. Qe2+ Qe7 7. Qxe7+ Kxe7
8. d4 c6 9. Nc3 b5 10. Bb3 b4 11. Ne2 Nxd5 12. Bxd5 cxd5 13. Bxf4 Be6 14. O-O
Nd7 15. Ng5 Nf6 16. Bxd6+ Kxd6 17. Nf4 h6 18. Nfxe6 hxg5 19. Nxg5 Raf8 20. a3
Rh5 21. Nf3 Rc8 22. axb4 Rxc2 23. Rxa7 Rc7 24. Ra6+ Ke7 25. Ne5 Rh4 26. b5 Rb7
27. b6 Ke6 28. Nc6 Kd7 29. Na5 Rb8 30. b7 1-0

[Event "2. Torneio Aberto do Brasil - Fortaleza"]
[Site "Fortaleza BRA"]
[Date "2012.04.08"]
[Round "6.31"]
[White "Baeta, Marcio Netto"]
[Black "De Freitas, Julio Eimard"]
[Result "1/2-1/2"]
[WhiteElo "2154"]
[BlackElo "1865"]
[PlyCount "40"]
[EventDate "2012.04.05"]
[EventType "swiss"]
[EventRounds "7"]
[EventCountry "BRA"]
[Source "lmi"]
[SourceDate "2012.08.05"]

1. d4 d5 2. c4 c6 3. cxd5 cxd5 4. Nc3 Nf6 5. Nf3 Nc6 6. Qb3 e6 7. Bg5 Be7 8. e3
O-O 9. Bd3 h6 10. Bh4 Bd7 11. Rc1 Na5 12. Qc2 Rc8 13. Qe2 Ne4 14. Bxe7 Qxe7 15.
O-O Nxc3 16. bxc3 Nc4 17. e4 Rfe8 18. Rfe1 Qa3 19. Bxc4 dxc4 20. Ne5 Bb5
1/2-1/2

[Event "2. Torneio Aberto do Brasil - Fortaleza"]
[Site "Fortaleza BRA"]
[Date "2012.04.08"]
[Round "6.32"]
[White "Ribeiro, Orlando Alves"]
[Black "De Oliveira, Aquiles Machado"]
[Result "0-1"]
[WhiteElo "1885"]
[BlackElo "2096"]
[PlyCount "74"]
[EventDate "2012.04.05"]
[EventType "swiss"]
[EventRounds "7"]
[EventCountry "BRA"]
[Source "lmi"]
[SourceDate "2012.08.05"]

1. d4 d6 2. g3 e5 3. dxe5 dxe5 4. Qxd8+ Kxd8 5. Bg2 c6 6. c4 Be6 7. b3 Bb4+ 8.
Bd2 a5 9. Nc3 Nd7 10. Nf3 f6 11. O-O Kc7 12. Rfd1 Nc5 13. Ne1 Bf5 14. Na4 Nxa4
15. bxa4 Ne7 16. Nd3 Bxd2 17. Rxd2 Rhd8 18. Rad1 Rd4 19. Nb2 Rad8 20. Rxd4 Rxd4
21. Rxd4 exd4 22. Kf1 Kd6 23. Ke1 Kc5 24. Kd2 Kb4 25. e3 dxe3+ 26. fxe3 Bb1 27.
Bf1 Nc8 28. a3+ Kxa3 29. Kc1 Bf5 30. Bd3 Bxd3 31. Nxd3 Nd6 32. c5 Nc4 33. e4
Ne5 34. Nf4 Nd7 35. Ne6 g5 36. Kc2 Kxa4 37. Kc3 Kb5 0-1

[Event "2. Torneio Aberto do Brasil - Fortaleza"]
[Site "Fortaleza BRA"]
[Date "2012.04.08"]
[Round "6.33"]
[White "Dos Reis, Virginia Lagrange"]
[Black "Lima Filho, Gilberto Faco"]
[Result "0-1"]
[WhiteElo "1853"]
[BlackElo "2056"]
[PlyCount "90"]
[EventDate "2012.04.05"]
[EventType "swiss"]
[EventRounds "7"]
[EventCountry "BRA"]
[Source "lmi"]
[SourceDate "2012.08.05"]

1. e4 c5 2. Nf3 d6 3. d4 cxd4 4. Nxd4 Nf6 5. f3 e5 6. Bb5+ Bd7 7. Bxd7+ Qxd7 8.
Nb3 d5 9. exd5 Nxd5 10. a3 Be7 11. Bd2 Bh4+ 12. g3 Be7 13. Nc3 Nc6 14. Qe2 O-O
15. O-O-O Rfe8 16. Rhe1 Nd4 17. Qxe5 Nxb3+ 18. cxb3 Nf6 19. Bf4 Qc6 20. Qc7
Qxc7 21. Bxc7 Rac8 22. Be5 Kf8 23. Kc2 b5 24. b4 Rc6 25. Kb3 a6 26. f4 Rec8 27.
Rd2 h5 28. Red1 Ng4 29. Bd6 Bxd6 30. Rxd6 Nxh2 31. Rxc6 Rxc6 32. Rh1 Nf3 33.
Rxh5 Nd2+ 34. Ka2 Re6 35. Nd5 Kg8 36. Re5 Rh6 37. Nc7 Rh2 38. Nxa6 Nc4 39. Rxb5
Rxb2+ 40. Ka1 Rb1+ 41. Kxb1 Nxa3+ 42. Kb2 Nxb5 43. Kb3 Kf8 44. Kc4 Nd6+ 45. Kc5
Ke7 0-1